Les grands auteurs francais du programme (Registro nro. 19512)

Detalles MARC
000 -ENCABEZADO
Número de control [NR] 00689nam a2200181Ia 4500
008 - DE LONGITUD FIJA DE DATOS DE ELEMENTOS - INFORMACIÓN GENERAL
Elementos de longitud fija [NR] 130821s1963 fr gr fre
040 ## - FUENTE DE CATALOGACION [NR]
Agencia de catalogación original [NR] Co-BoUCM
Idioma de catalogación [NR] spa
041 ## - CODIGO DE IDIOMA [R]
Código de idioma para texto/pista de sonido o título separado [R] Francés
100 ## - ASIENTO PRINCIPAL--NOMBRE PERSONAL [NR]
Nombre personal [NR] Lagarde, Andre
245 #4 - MENCION DE TITULO [NR]
Título [NR] Les grands auteurs francais du programme
Mención de responsabilidad, etc. [NR] Andre Lagarde y Laurent Michard
260 ## - PUBLICACION, DISTRIBUCION, ETC. (PIE DE IMPRENTA) [R]
Lugar de publicación, distribución, etc. [R] París (Francia)
Nombre del editor, distribuidor, etc. [R] Bordas
Fecha de publicación, distribución, etc. [R] 1963
300 ## - DESCRIPCION FISICA [R]
Extensión [R] 6 volúmenes
505 ## - NOTA DE CONTENIDO CON FORMATO PREESTABLECIDO [R]
Nota de contenido con formato preestablecido [NR] Contenido : V. 1 : Moyen age -- V. 2 : XVIe Siecle -- V. 3 : VIIe Siecle -- V. 4 : XVIIIe Siecle -- V. 5 : XIXe Siecle -- V. 6 : Xe Siecle
650 04 - ASIENTO SECUNDARIO DE MATERIA - TERMINO TEMATICO [R]
Término temático o nombre geográfico como elemento de entrada [NR] Literatura francesa
Subdivisión general [R] Historia
9 (RLIN) 7794
700 ## - ASIENTO SECUNDARIO - NOMBRE PERSONAL [R]
Nombre personal [NR] Michard, Laurent
942 ## - ELEMENTOS DE ENTRADA AGREGADOS (KOHA)
Tipo de ítem principal el descrito en 300a Libro
Tema principal Literatura
Edición 1
Parte restante de la signatura top. L14M
Sistema de clasificación DEWEY
Clasificación 840
Existencias
Fecha de último préstamo Total préstamos Signatura topográfica Código de barras Última vez visto Volúmen / Fascículo Ejemplar Price effective from Tipo de ítem Perdido Sistema de clasificación Dañado No prestable Tipo de ítem específico Suprimido Ubicación habitual Ubicación actual Localización Fecha de creación Forma de adquisición Costo
17/06/2025 2 840 L14M 100021141 09/12/2025 V.2 Ej.1 03/02/2013 Libro   DEWEY     Libro   Claustro Claustro 2do piso 28/02/2003 Donación 1000.00
17/06/2025 2 840 L14M 100021218 09/12/2025 V.3 Ej.1 03/02/2013 Libro   DEWEY     Libro   Claustro Claustro 2do piso 28/02/2003 Donación 1000.00
17/06/2025 2 840 L14M 100021142 09/12/2025 V.4 Ej.1 03/02/2013 Libro   DEWEY     Libro   Claustro Claustro 2do piso 28/02/2003 Donación 1000.00
19/02/2007 7 840 L14M 100027197 09/12/2025 V.5 Ej.1 03/02/2013 Libro   DEWEY     Libro   Claustro Claustro 2do piso 28/02/2003 Donación 1000.00
19/02/2007 1 840 L14M 100021168 09/12/2025 V.6 Ej.1 03/02/2013 Libro   DEWEY     Libro   Claustro Claustro 2do piso 28/02/2003 Donación 1000.00
    840 L14M 100027321 09/12/2025 V.1 Ej.1 03/02/2013 Libro   DEWEY     Libro   Claustro Claustro 2do piso 28/02/2003 Donación 1000.00